000 00566 a2200169 4500
003 OSt
005 20231110110247.0
008 231109b |||||||| |||| 00| 0 eng d
020 _a9960980383
040 _coclc
082 _a297.092
_bIBN/B
100 1 _aIbn ʻAbdul-Maujood, Salaahud-Deen ibn ʻAlee
_99887
245 _aThe biography of Imām Aboo Dawood Sijistani :
_bthe compiler of Sunan Aboo Dawood, died 275 AH
260 _aRiyadh:
_bDarrusalam,
_c2006.
300 _a295p
_c21cm
942 _2ddc
_cBK
_h297.092
_iIBN/B
_k297.092
_mIBN/B
999 _c43017
_d43017